000 01154nam a2200277 i 4500
001 bg
100 1 _aŁUGOWSKI, Tadeusz
245 1 0 _aBudowa i eksploatacja pojazdów samochodowych.
_nZ. 3,
_pDemontaż i montaż silnika czterosuwowego chłodzonego powietrzem /
_c[aut. opracowania Tadeusz Ługowski]
260 _aWarszawa :
_bWydawnictwa Komunikacji i Łączności,
_c2000.
300 _a32 s. :
_bil. ;
_c29 cm.
490 1 _aMechanik Pojazdów Samochodowych
500 _aAut. z. 1: Stanisław Kołtun, z. 2: Jerzy Gorgoń. - Opis wg okł.
650 9 _aSilniki samochodowe
_xbudowa i konstrukcje
650 9 _aSilniki samochodowe
_xmontaż
655 _aĆwiczenia i zadania dla szkół zawodowych
830 _aMechanik Pojazdów Samochodowych
015 _aPB 16772/2000
020 _a8320613469
040 _cBPK
041 0 _apol
080 _a629.33:621.43](075.3.053.7)(076)
920 _a83-206-1346-9
942 _cKA
008 s pl f |000 0 pol
999 _c35144
_d35144
856 _uhttp://koha.tu.koszalin.pl/cgi-bin/koha/opac-detail.pl?biblionumber=35144
_yKatalog online BPK